000 00625nam a22002057a 4500
003 OSt
005 20260113014640.0
008 260113b |||||||| |||| 00| 0 eng d
020 _a 1841956619
040 _aDWC-Main lib
_cOC
082 _aCirc. 031.02 W187b 1977
100 _aWallechisky, David
245 _aThe book of lists/
_cDavid Wallechisky
260 _aNew York :
_bCanon Gate,
_c c1977.
300 _a viii, 433 pages :
_b illustrations ;
_c20cm.
504 _aIncludes index.
650 _a1. Curiosities and wonders.
650 _22. Encyclopedias and dictionaries.
942 _2ddc
_cBK-CIRC
_kCirc.
_n0
999 _c7310
_d7310